|
|
|
|
| LEADER |
00000cam a22000002c 4500 |
| 001 |
1522009272 |
| 003 |
DE-627 |
| 005 |
20220603164353.0 |
| 007 |
tu |
| 008 |
151116s1995 xx ||||| 00| ||ger c |
| 035 |
|
|
|a (DE-627)1522009272
|
| 035 |
|
|
|a (DE-576)452009278
|
| 035 |
|
|
|a (DE-599)BSZ452009278
|
| 040 |
|
|
|a DE-627
|b ger
|c DE-627
|e rakwb
|
| 041 |
|
|
|a ger
|
| 245 |
0 |
0 |
|a Plattform gegen die Gewalt in der Familie
|b Wegweiser für HelferInnen
|
| 250 |
|
|
|a 2. Aufl
|
| 264 |
|
1 |
|a Wien
|b Bundesminist. für Jugend ..
|c 1995
|
| 300 |
|
|
|a 98 S.
|
| 336 |
|
|
|a Text
|b txt
|2 rdacontent
|
| 337 |
|
|
|a ohne Hilfsmittel zu benutzen
|b n
|2 rdamedia
|
| 338 |
|
|
|a Band
|b nc
|2 rdacarrier
|
| 583 |
1 |
|
|a Archivierung prüfen
|c 20200919
|f DE-640
|z 1
|2 pdager
|
| 710 |
2 |
|
|a Bundesministerium für Jugend und Familie, Wien
|4 oth
|
| 951 |
|
|
|a BO
|
| ELC |
|
|
|b 1
|
| LOK |
|
|
|0 000 xxxxxcx a22 zn 4500
|
| LOK |
|
|
|0 001 2873310499
|
| LOK |
|
|
|0 003 DE-627
|
| LOK |
|
|
|0 004 1522009272
|
| LOK |
|
|
|0 005 20151116135713
|
| LOK |
|
|
|0 008 150728||||||||||||||||ger|||||||
|
| LOK |
|
|
|0 035
|a (DE-21-110)kd61459
|
| LOK |
|
|
|0 040
|a DE-21-110
|c DE-627
|d DE-21-110
|
| LOK |
|
|
|0 689
|a s
|a Familiengewalt
|
| LOK |
|
|
|0 852
|z Kein Bestand am IfK; Nachweis für KrimDok
|
| LOK |
|
|
|0 852
|a DE-21-110
|
| LOK |
|
|
|0 852 1
|9 00
|
| LOK |
|
|
|0 935
|a k110
|
| LOK |
|
|
|0 939
|a 28-07-15
|b l01
|
| ORI |
|
|
|a SA-MARC-krimdoka001.raw
|